000 00336pam a2200157a 44500
008 230515b1900 xxu||||| |||| 00| 0 eng d
020 _aNULL
041 _aSANSKRIT
082 _a1
100 _aBHATACHRYA
245 _aASTANGSANGRAH
250 _a1
260 _aSANGLI
_bN.D.
_c1900
300 _a100
650 _aASTANGSANGRAH
999 _c496994
_d496994